<?xml version="1.0" encoding="UTF-8"?>
<record
    xmlns:xsi="http://www.w3.org/2001/XMLSchema-instance"
    xsi:schemaLocation="http://www.loc.gov/MARC21/slim http://www.loc.gov/standards/marcxml/schema/MARC21slim.xsd"
    xmlns="http://www.loc.gov/MARC21/slim">

  <leader>01371nam a2200289 a 4500</leader>
  <controlfield tag="001">000026259</controlfield>
  <controlfield tag="003">DO-SdBNP</controlfield>
  <controlfield tag="005">20211108090503.0</controlfield>
  <controlfield tag="008">110308t1989    dr            001 0dspa d</controlfield>
  <datafield tag="040" ind1=" " ind2=" ">
    <subfield code="a">DO-SdBNP</subfield>
    <subfield code="b">spa</subfield>
    <subfield code="c">BNPHU</subfield>
  </datafield>
  <datafield tag="049" ind1=" " ind2=" ">
    <subfield code="a">BNPD</subfield>
  </datafield>
  <datafield tag="082" ind1=" " ind2=" ">
    <subfield code="a">C864.44</subfield>
    <subfield code="b">B742v</subfield>
  </datafield>
  <datafield tag="100" ind1="1" ind2=" ">
    <subfield code="a">Bosch Quidiello, Patricio,</subfield>
    <subfield code="d">1946-</subfield>
  </datafield>
  <datafield tag="245" ind1="1" ind2="0">
    <subfield code="a">V&#xED;nculos culturales antillanos /</subfield>
    <subfield code="c">Patricio Bosch Quidiello.</subfield>
  </datafield>
  <datafield tag="260" ind1=" " ind2=" ">
    <subfield code="a">Santo Domingo :</subfield>
    <subfield code="b">Alfa y Omega,</subfield>
    <subfield code="c">1989.</subfield>
  </datafield>
  <datafield tag="300" ind1=" " ind2=" ">
    <subfield code="a">91 p. ;</subfield>
    <subfield code="c">21 cm.</subfield>
  </datafield>
  <datafield tag="504" ind1=" " ind2=" ">
    <subfield code="a">Bibliograf&#xED;a p. 79-90.</subfield>
  </datafield>
  <datafield tag="505" ind1="0" ind2=" ">
    <subfield code="t">V&#xED;nculos culturales dom&#xED;nico-cubanos: la labor literaria y docente de Max Henr&#xED;quez Ure&#xF1;a en Cuba, reflejada a traves de algunas publicaciones peri&#xF3;dicas cubanas --</subfield>
    <subfield code="t">Bibliograf&#xED;a o hemerograf&#xED;a --</subfield>
    <subfield code="t">Presencia de Puerto Rico en publicaciones peri&#xF3;dicas cubanas de 1902 a 1930 --</subfield>
    <subfield code="t">Bibliograf&#xED;a o hemerograf&#xED;a --</subfield>
    <subfield code="t">Presencia del Caribe en literatos, pol&#xED;ticos e intelectuales hispanoamericanos que publicaron en algunas revistas cubanas del primer tercio del siglo XX --</subfield>
    <subfield code="t">Bibliograf&#xED;a o hemerograf&#xED;a.</subfield>
  </datafield>
  <datafield tag="590" ind1=" " ind2=" ">
    <subfield code="6">Inventariado, 2021/VM</subfield>
  </datafield>
  <datafield tag="600" ind1="1" ind2="4">
    <subfield code="a">Henr&#xED;quez Ure&#xF1;a Max </subfield>
    <subfield code="d">1885-1968</subfield>
    <subfield code="x"> </subfield>
  </datafield>
  <datafield tag="650" ind1=" " ind2="4">
    <subfield code="a">Ensayos cubanos</subfield>
  </datafield>
  <datafield tag="650" ind1=" " ind2="4">
    <subfield code="a">Autores caribe&#xF1;os</subfield>
    <subfield code="x">Cr&#xED;tica e interpretaci&#xF3;n</subfield>
  </datafield>
  <datafield tag="650" ind1=" " ind2="4">
    <subfield code="a">Autores caribe&#xF1;os</subfield>
    <subfield code="x">Biobibliograf&#xED;as</subfield>
  </datafield>
  <datafield tag="650" ind1=" " ind2="4">
    <subfield code="a">Literatura cubana</subfield>
  </datafield>
  <datafield tag="910" ind1=" " ind2=" ">
    <subfield code="a">VMateo V.</subfield>
  </datafield>
  <datafield tag="942" ind1=" " ind2=" ">
    <subfield code="2">ddc</subfield>
    <subfield code="c">BK</subfield>
  </datafield>
  <datafield tag="952" ind1=" " ind2=" ">
    <subfield code="0">0</subfield>
    <subfield code="1">0</subfield>
    <subfield code="2">ddc</subfield>
    <subfield code="4">0</subfield>
    <subfield code="7">0</subfield>
    <subfield code="8">CD</subfield>
    <subfield code="a">BPMET</subfield>
    <subfield code="b">BPMET</subfield>
    <subfield code="d">2021-11-08</subfield>
    <subfield code="e">fundaci&#xF3;n Juan Bosch </subfield>
    <subfield code="l">0</subfield>
    <subfield code="o">BPMSU CD C864.44 B742v 1989</subfield>
    <subfield code="p">BPMSU21110047</subfield>
    <subfield code="r">2021-11-08</subfield>
    <subfield code="w">2021-11-08</subfield>
    <subfield code="y">BK</subfield>
  </datafield>
  <datafield tag="952" ind1=" " ind2=" ">
    <subfield code="0">0</subfield>
    <subfield code="1">0</subfield>
    <subfield code="2">ddc</subfield>
    <subfield code="4">0</subfield>
    <subfield code="7">0</subfield>
    <subfield code="8">CD</subfield>
    <subfield code="a">BPMET</subfield>
    <subfield code="b">BPMET</subfield>
    <subfield code="d">2021-11-08</subfield>
    <subfield code="e">fundaci&#xF3;n Juan Bosch </subfield>
    <subfield code="l">0</subfield>
    <subfield code="o">BPMSU CD C864.44 B742v 1989</subfield>
    <subfield code="p">BPMSU21110048</subfield>
    <subfield code="r">2021-11-08</subfield>
    <subfield code="t">e.2</subfield>
    <subfield code="w">2021-11-08</subfield>
    <subfield code="y">BK</subfield>
  </datafield>
  <datafield tag="952" ind1=" " ind2=" ">
    <subfield code="0">0</subfield>
    <subfield code="1">0</subfield>
    <subfield code="2">ddc</subfield>
    <subfield code="4">0</subfield>
    <subfield code="7">0</subfield>
    <subfield code="8">CD</subfield>
    <subfield code="a">BPMET</subfield>
    <subfield code="b">BPMET</subfield>
    <subfield code="d">2021-11-08</subfield>
    <subfield code="e">fundaci&#xF3;n Juan Bosch </subfield>
    <subfield code="l">0</subfield>
    <subfield code="o">BPMSU CD C864.44 B742v 1989</subfield>
    <subfield code="p">BPMSU21110049</subfield>
    <subfield code="r">2021-11-08</subfield>
    <subfield code="t">e.3</subfield>
    <subfield code="w">2021-11-08</subfield>
    <subfield code="y">BK</subfield>
  </datafield>
  <datafield tag="999" ind1=" " ind2=" ">
    <subfield code="c">13849</subfield>
    <subfield code="d">13849</subfield>
  </datafield>
</record>
